| 000 | 00897nam a2200289 a 4500 | ||
|---|---|---|---|
| 003 | AR-BaBNM | ||
| 005 | 20251128203659.0 | ||
| 008 | 082120s2002 ||||||||||||||000 | spa|| | ||
| 040 | _cAR-BaBNM | ||
| 100 | 1 | _aMager, Robert F. | |
| 245 | 0 | 0 | _aEnseñanza de los oficios en la escuela vocacional |
| 250 | _a1ª ed. | ||
| 260 |
_aMéxico, D.F. _aBuenos Aires _bPax-México _bCentro Regional de Ayuda Técnica. Agencia para el Desarrollo Internacional _c1972 |
||
| 300 |
_a131 p. _bgráfs. |
||
| 650 | 4 | _aENSEÑANZA TECNICA | |
| 650 | 4 | _aAPRENDIZAJE [OFICIOS] | |
| 650 | 4 | _aHERRAMIENTAS | |
| 650 | 4 | _aDESTREZAS BASICAS | |
| 650 | 4 | _aINSTRUMENTOS DE MEDICION | |
| 650 | 4 | _aTECNICAS DE ENSEÑANZA | |
| 653 | _aESTRATEGIAS EDUCATIVAS | ||
| 700 | 1 | _aBeach, Kenneth M. | |
| 700 | 1 |
_aFinn, James D. _eprologuista |
|
| 700 | 1 |
_aMedrano, Salvador _etraductor |
|
| 942 | _cBK | ||
| 998 | _cCarmen | ||
| 999 |
_c4458 _d4458 |
||